000 00753nam a2200265 a 4500
001 nice12345678
003 IN_TiNIC
005 20260116012255.0
008 050524s1985 chaa grp 000 0 eng
020 _a0807896
_c655.65
082 0 0 _a297.63
_bSCH
100 _aSchimmel, Annemarie
245 _aAnd Muhammad Is His Messenger
_b Veneration of the Prophet in Islamic Piety
260 _aChapel Hill
_bUniversity of North Carolina Press
_c1985
300 _a277p
500 _aincludes index and biblioraphy
505 2 _aIndex
650 _aMuhammad, Prophet
650 _aPoetry-Islamic
650 _aIslamic-Poetry-history and Criticis
700 1 _aSchimmel, Annemarie
902 _bSRS
942 _cBK
999 _c6344
_d6344